Nástroje zemědělské politiky - zkušenosti zemí ES.

Možnosti využitia skúseností z ES pre tvorbu absentujúcej poľnohospodárskej politiky. Špecifiká výroby agropotravinárskeho komplexu. Sústava ekonomických nástrojov po 2. svetovej vojne. Tvorba spoločnej poľnohospodárskej politiky ES, jej nástroje a financovanie. Pracovné sily a poľnohospodárske podn...

Ausführliche Beschreibung

Gespeichert in:
Bibliographische Detailangaben
1. Verfasser: Burešová, M.
Format: Buchkapitel
Sprache:Tschechisch
Schlagworte:
Tags: Tag hinzufügen
Keine Tags, Fügen Sie das erste Tag hinzu!

MARC

LEADER 00000naa a2200000 4500
001 r007795
005 20230113115904.8
041 0 |a cze 
044 |a [CS] 
245 1 0 |a Nástroje zemědělské politiky - zkušenosti zemí ES.  |c M. Burešová 
520 |a Možnosti využitia skúseností z ES pre tvorbu absentujúcej poľnohospodárskej politiky. Špecifiká výroby agropotravinárskeho komplexu. Sústava ekonomických nástrojov po 2. svetovej vojne. Tvorba spoločnej poľnohospodárskej politiky ES, jej nástroje a financovanie. Pracovné sily a poľnohospodárske podniky ES. Výsledky agrárnej politiky a jej súčasná reforma. 
610 2 0 |a politika poľnohospodárska 
610 2 0 |a komplex poľnohospodársko-potravinársky 
610 2 0 |a nástroje ekonomické 
610 2 0 |a financovanie 
610 2 0 |a Európske spoločenstvá 
610 2 0 |a sily pracovné 
610 2 0 |a podnik poľnohospodársky 
610 2 0 |a údaje štatistické 
100 1 |a Burešová, M.